Catalog

Record Details

Catalog Search



Gerontologie : současné otázky z pohledu biomedicíny a společenských věd  Cover Image Book Book

Gerontologie : současné otázky z pohledu biomedicíny a společenských věd / Hana Štěpánková, Cyril Höschl, Lucie Vidovićová a kolektiv

Record details

  • ISBN: 978-80-246-2628-4
  • Physical Description: 288 s. : il. ; 24 cm
  • Edition: Vyd. 1.
  • Publisher: Praha : Karolinum, 2014

Content descriptions

Bibliography, etc. Note:
Obsahuje bibliografie a bibliografické odkazy
Language Note:
Anglické resumé
Issuing Body Note:
Vydavatel: Univerzita Karlova v Praze
Subject: gerontologie > mezioborový kontext
gerontology > interdisciplinary context
Genre: kolektivní monografie
collective monographs

Available copies

  • 1 of 1 copy available at Common Catalog SPOK.

Holds

  • 0 current holds with 1 total copy.
Show Only Available Copies
Location Call Number / Copy Notes Barcode Shelving Location Status Due Date
Jabok Library SPr-3.5/Š 424480036514 Odborná literatura Available -

LDR 01535nam a2200421 a 4500
00119596
003CZ-PrJAB
00520150520100453.0
007ta
008150115s2014 xr a f 000 0 cze
015 . ‡acnb002658634
020 . ‡a978-80-246-2628-4 ‡q(brož.)
035 . ‡a(CZ PrNK)nkc20152658634
035 . ‡a(OCoLC)907524500
040 . ‡aABA001 ‡bcze
0410 . ‡acze ‡beng
072 7. ‡a613 ‡xHygiena. Lidské zdraví ‡2Konspekt ‡914
080 . ‡a613.98 ‡2MRF
080 . ‡a001.2 ‡2MRF
080 . ‡a(048.8:082) ‡2MRF
1001 . ‡aŠtěpánková, Hana ‡7ola2009548169 ‡4aut
24510. ‡aGerontologie : ‡bsoučasné otázky z pohledu biomedicíny a společenských věd / ‡cHana Štěpánková, Cyril Höschl, Lucie Vidovićová a kolektiv
250 . ‡aVyd. 1.
260 . ‡aPraha : ‡bKarolinum, ‡c2014
300 . ‡a288 s. : ‡bil. ; ‡c24 cm
504 . ‡aObsahuje bibliografie a bibliografické odkazy
546 . ‡aAnglické resumé
550 . ‡aVydavatel: Univerzita Karlova v Praze
65007. ‡agerontologie ‡7ph120560 ‡xmezioborový kontext ‡2czenas
65009. ‡agerontology ‡xinterdisciplinary context ‡2eczenas
655 7. ‡akolektivní monografie ‡7fd501537 ‡2czenas
655 9. ‡acollective monographs ‡2eczenas
7001 . ‡aHöschl, Cyril, ‡d1949- ‡7jn20000401149 ‡4aut
7001 . ‡aVidovićová, Lucie, ‡d1977- ‡7mzk2003194698 ‡4aut
7102 . ‡aUniverzita Karlova ‡7kn20010710036
910 . ‡aABG312
9281 . ‡aKarolinum - nakladatelství Univerzity Karlovy v Praze
901 . ‡a19596 ‡b ‡c19596 ‡tbiblio

Additional Resources